[Event "NED-ch U12 op"]
[Site "Borne"]
[Date "2019.08.05"]
[Round "1"]
[White "Kazarjan, Gachatur"]
[Black "Van Sighem, Niels"]
[Result "1-0"]
[WhiteElo "1542"]
[BlackElo "629"]
[PlyCount "45"]
[EventDate "2019.08.05"]
[EventType "swiss"]
[EventRounds "13"]
[EventCountry "NED"]
[SourceTitle "EXT 2020"]
[Source "ChessBase"]
[SourceDate "2019.10.17"]
[SourceVersion "1"]
[SourceVersionDate "2019.10.17"]
[SourceQuality "1"]

1. e4 e5 2. Nf3 Nc6 3. d4 exd4 4. Nxd4 Nxd4 5. Qxd4 Nf6 6. e5 Nh5 7. g4 Ng3 8. hxg3 b6 9. Bg2 Bc5 10. Qd3 Rb8 11. Rxh7 Rg8 12. Nc3 d6 13. Bf4 b5 14. 0-0-0 Ba6 15. Nd5 c6 16. Nf6+ gxf6 17. Bxc6+ Ke7 18. Rxf7+ Kxf7 19. Qh7+ Rg7 20. Bd5+ Kf8 21. Qh8+ Ke7 22. Qxg7+ Ke8 23. Qf7# 1-0